zpět

Detail výsledku týmu

Šnyt, Šternberk

Datum a čas kvízu

41 Celkem bodů Celkový počet nahraných bodů na tomto kvízu bez doplňovacích otázek.
2. Pořadí na kvízu Konečné umístění týmu na tomto kvízu.

Zaznamenané odpovědi

# Otázka Odpověď Body Výsledky
1. Bývalý senátor, europoslanec a... Jaromír Štětina 0
2. V jednom z evropských států je... Lucembursko 1
3. V pátek byly v Paříži uděleny... Roman Polański 1
4. Akcionáři jedné mediální spole... CME, PPF 1
5. Český profesionální cyklista p... Leopold König 1
6. Peníze máme v ruce každý den,... Padělání bankovek se trestá podle zákona. 0
7. Které dvě osobnosti mají jméno... D 1
8. Celkem kolikrát je na obou str... čtyřikrát 1
9. Kolik Kč činí nominální hodnot... 2 000 Kč 1
10. Které z mincí o hodnotě 1 až 5... všechny 1